000 00501nam a22001817a 4500
003 BDDh-ASL
005 20231015031102.0
008 230101s1920 ii ||||| |||| 00| 0 a d
040 _aBDDh-ASL
_cBDDh-ASL
041 _aara
082 _a297
_bBAA
100 1 _aBayḍawī, Al
_96904
245 1 0 _aAt Tafsīr al Bayḍawī : / التفسير البيضاوي
260 _aDelhi :
_bNizami Press ,
_c1920/1342 H.
300 _a179 p. :
_c32 cm.
650 0 _aTafsir
_94705
942 _2ddc
_cBK
999 _c29914
_d29914